ABN Neswire (Registro nro. 162990)

Detalles MARC
000 -LEADER
fixed length control field 00902nam a22002297a 4500
007 - PHYSICAL DESCRIPTION FIXED FIELD--GENERAL INFORMATION
fixed length control field cr|||| ||||
008 - FIXED-LENGTH DATA ELEMENTS--GENERAL INFORMATION
fixed length control field 131217c20139999au |||| s|||| 0||| 1eng d
035 ## -
-- 11704
040 ## - CATALOGING SOURCE
Original cataloging agency vLex
090 ## -
-- 4631
-- 4631
245 00 - TITLE STATEMENT
Title ABN Neswire
Medium [Recurso electrónico]
256 ## -
-- Servicio en línea
260 ## - PUBLICATION, DISTRIBUTION, ETC. (IMPRINT)
Place of publication, distribution, etc [s.l] :
Name of publisher, distributor, etc Asianet Pakistan,
Date of publication, distribution, etc 2013 -
300 ## - PHYSICAL DESCRIPTION
Extent 1 recurso electrónico
310 ## -
-- Diaria
506 1# - RESTRICTIONS ON ACCESS NOTE
Terms governing access Contenido solo disponible en los productos indicados
Authorized users vLex Global
-- vLex Global (Academic Edition, excluding Law Schools)
-- vLex Global (U.S. Academic Edition, Law Schools)
-- vLex Global (U.S. Academic Edition, excluding Law Schools)
-- vLex Global (Academic Edition, Law Schools)
650 04 - SUBJECT ADDED ENTRY--TOPICAL TERM
Topical term or geographic name as entry element Diarios
Geographic subdivision Austrialia
740 0# -
-- vLex Revistas (Servicio en línea)
856 40 - LOCALIZACIÓN Y ACCESO ELECTRÓNICO
Identificador Uniforme del Recurso (URI/URL) https://app.vlex.com/#/sources/abn-newswire-11704/
942 ## -
-- RAA
999 ## -
-- 162990
-- 162990

No hay ítems disponibles.


CONTACTO


NOSOTROS


SITIOS DE INTERES

coordinacion.biblioteca.biblioteca@unienlinea.mx Misión, Visión y Objetivos Bases de datos
Directorio Bibliotecas Digitales y Repositorios
Normatividad Revistas y artículos
Convenios interbibliotecarios
Boletines



Hecho en México. Universidad Insurgentes (UIN). Todos los derechos reservados 2024. Esta página y sus contenidos pueden ser reproducidos con fines no lucrativos, siempre y cuando no se mutile, se cite la fuente completa y su dirección electrónicas. De otra forma requiere permiso previo por escrito de la institución




2024 Copyright Universidad Insurgentes | www.bibliouin.com.mx